000 00463nam a22001457a 4500
999 _c7779
_d7777
005 20210325144959.0
008 210325b ||||| |||| 00| 0 eng d
082 _a345.408 23
100 _aMANOHAR AND CHITALEY
_96503
245 _aTHE AIR MANUAL CIVIL AND CRIMINAL - VISVA -BHARTI ACT [1951] TO WORKS OF DEFENCE ACT,[1903] AND SUPPLIMENT [ VOL-45]
260 _aNAGPUR
_bTHE ALL INDIA REPORTER PVT.LTD.
300 _a2360,p
650 _aLAW
_95701
942 _cJRL